000 00530nam a2200109Ia 4500
008 171212s9999 xx 000 0 und d
100 _aAbramzon, Shmuel;Burger, Nicholas;Ghosh-Dastidar, Bonnie;Glick, Peter;Kumar, Krishna B.
245 _cAbramzon, Shmuel;Burger, Nicholas;Ghosh-Dastidar, Bonnie;Glick, Peter;Kumar, Krishna B.
_aCapacity Building at the Kurdistan Region Statistics Office Through Data Collection
260 _bRAND Corporation
_c2014
650 _aHistory
856 _uhttp://www.jstor.org/stable/10.7249/j.ctt6wq950
999 _c351833
_d351833